000 00721nam a2200181 4500
001 369
005 20230410103846.0
008 060907n1998 dr spa
020 _a9715422101
035 _9funglode370
041 _aEN
050 1 4 _a411 DS 686 P552 1998
245 0 4 _aThe Philippines into the 21st century :
_bfuture scenarios for governance, democracy and development, 1998-2025 = Ang Pilipinas tungo sa ika-21 dantaon: pangkinabukasang mga senaryo para sa pamamahala, demokrasya at kaunlaran, 1998-2025 /
_cby Jose V. Abueva ... [et. al.]
260 _aQuezon City :
_bUniversity of the Philippines Press,
_c1998
300 _axviii, 218 p.
700 _aAbueva, Jose Veloso
942 _2lcc
_cbk
999 _c27206
_d27206